Movies with death in the title – Click Quiz - Statistics

General Stats
  • This quiz has been taken 26 times
  • The average score is 25 of 30
Answer Stats
Hint Answer % Correct
Live and Let __ Die
100%
__ Man walking Dead
96%
Shaun of the __ Dead
96%
__ Poets Society Dead
96%
__ Sentence Death
96%
__ of a Salesman Death
96%
No Time to __ Die
96%
To __ for Die
96%
__ Hard Die
96%
The Evil __ Dead
92%
The Walking __ Dead
92%
__ Becomes Her Death
92%
__pool Dead
88%
Night of the Living __ Dead
88%
__ Ringers Dead
88%
__ and the Maiden Death
88%
__ on the Nile Death
88%
__ Men Don't Wear Plaid Dead
85%
__ Wish Death
85%
__ another Day Die
85%
The Quick and the __ Dead
81%
__ in Venice Death
81%
__ Calm Dead
77%
__ Zone Dead
77%
I Love You to __ Death
77%
Live and __ in L.A. Die
73%
Murder by __ Death
69%
__ Young Dying
58%
The __ Rooms Dying
54%
__ Alive Dead
46%
No matching quizzes found
Score Distribution
Percent of People with Each Score
Percentile by Number Answered
Your Score History
You have not taken this quiz